Statistics for All Winners of the Monaco Grand Prix

Click here to take the quiz!

General Stats

  • This quiz has been taken 16 times
  • The average score is 55 of 67

Answer Stats

YearWinnerTeamNationality% Correct
1987Ayrton SennaLotusBrazil
100%
1989Ayrton SennaMcLarenBrazil
100%
1990Ayrton SennaMcLarenBrazil
100%
1991Ayrton SennaMcLarenBrazil
100%
1992Ayrton SennaMcLarenBrazil
100%
1993Ayrton SennaMcLarenBrazil
100%
2007Fernando AlonsoMcLarenSpain
100%
2006Fernando AlonsoRenaultSpain
100%
1983Keke RosbergWilliamsFinland
100%
2005Kimi RaikkonenMcLarenFinland
100%
2019Lewis HamiltonMercedesUnited Kingdom
100%
2016Lewis HamiltonMercedesUnited Kingdom
100%
2008Lewis HamiltonMcLarenUnited Kingdom
100%
2021Max VerstappenRed BullNetherlands
100%
2001Michael SchumacherFerrariGermany
100%
1999Michael SchumacherFerrariGermany
100%
1997Michael SchumacherFerrariGermany
100%
1995Michael SchumacherBenettonGermany
100%
1994Michael SchumacherBenettonGermany
100%
2014Nico RosbergMercedesGermany
100%
2015Nico RosbergMercedesGermany
100%
2013Nico RosbergMercedesGermany
100%
2017Sebastian VettelFerrariGermany
100%
2011Sebastian VettelRed BullGermany
100%
1985Aain ProstMcLarenFrance
93%
1984Alain ProstMcLarenFrance
93%
1986Alain ProstMcLarenFrance
93%
1988Alain ProstMcLarenFrance
93%
2009Jenson ButtonBrawnUnited Kingdom
93%
2010Mark WebberRed BullAustralia
93%
2012Mark WebberRed BullAustralia
93%
1998Mika HakkinenMcLarenFinland
93%
1976Niki LaudaFerrariAustria
93%
1975Niki LaudaFerrariAustria
93%
2018Daniel RicciardoRed BullAustralia
87%
1981Gilles VilleneuveFerrariCanada
87%
1968Graham HillLotusUnited Kingdom
87%
1965Graham HillBRMUnited Kingdom
87%
1964Graham HillBRMUnited Kingdom
87%
1963Graham HillBRMUnited Kingdom
87%
1969Graham HillLotusUnited Kingdom
87%
1957Juan Manuel FangioMaseratiArgentina
87%
1951Juan Manuel FangioAlfa RomeoArgentina
87%
1959Jack BrabhamCooperAustralia
80%
1977Jody ScheckterWolfSouth Africa
80%
1979Jody ScheckterFerrariSouth Africa
80%
2002David CoulthardMcLarenUnited Kingdom
73%
2000David CoulthardMcLarenUnited Kingdom
73%
1973Jackie StewartTyrrellUnited Kingdom
73%
1971Jackie StewartTyrrellUnited Kingdom
73%
1966Jackie StewartBRMUnited Kingdom
73%
2003Juan Pablo MontoyaWilliamsColombia
73%
2004Jarno TrulliRenaultItaly
67%
1962Bruce McLarenCooperNew Zealand
60%
1967Denny HulmeBrabhamNew Zealand
60%
1980Carlos ReutemannWilliamsArgentina
53%
1970Jochen RindtLotusAustria
53%
1982Riccardo PatreseBrabhamItaly
53%
1961Stirling MossLotusUnited Kingdom
53%
1960Stirling MossLotusUnited Kingdom
53%
1956Stirling MossMaseratiUnited Kingdom
53%
1996Olivier PanisLigierFrance
47%
1978Patrick DepaillerTyrrellFrance
40%
1974Ronnie PetersonLotusSweden
40%
1972Jean-Pierre BeltoiseBRMFrance
27%
1958Maurice TrintignatCooperFrance
0%
1955Maurice TrintignatFerrariFrance
0%

Score Distribution

Percentile by Number Answered

Percent of People with Each Score

Your Score History

You have not taken this quiz